Szczegóły MARC21

Gegenstände germanistischer Forschung und Lehre : Texte : Materialien der Jahrestagung des Verbandes Polnischer Germanisten, 12.-14. Mai 2006, Toruń /

003 -Nazwa inst., której nr kontr. jest w polu 001 [,]
    • @
    • Nazwa instytucji, której n kontrolny jest w polu 001
    • NUKAT
005 -DATA I CZAS OSTATNIEJ MODYFIKACJI [,]
    • @
    • pole kontrolne
    • 20241231103501.0
020 -Międzynarod. znormalizowany nr książki - ISBN [ , ]
    • a
    • Numer ISBN
    • 8389347652 Find
020 -Międzynarod. znormalizowany nr książki - ISBN [ , ]
    • a
    • Numer ISBN
    • 9788389347657 Find
040 -Instytucja sporządzająca opis [ , ]
    • a
    • Instytucja, która sporządziła opis (NP)
    • WA U/59EJ
    • c
    • Instytucja, która sporządziła rekord (NP)
    • WA U/EJ
    • d
    • Instytucja, która zmodyfikowała rekord (P)
    • WA U/EJ
    • d
    • Instytucja, która zmodyfikowała rekord (P)
    • WA U/JKs
942 -Rodzaj dokumentu [ , ]
    • c
    • Rodzaj dokumentu
    • Książka
111 -Hasło główne - nazwa imprezy [2, ]
    • a
    • Nazwa imprezy (NP)
    • Jahrestagung des Verbandes Polnischer Germanisten Find
    • d
    • Data imprezy (NP)
    • (2006 ;
    • c
    • Miejsce imprezy (NP)
    • Toruń).
    • 9
    • KHW
    • 484767
245 -Strefa tytułu i oznaczenia odpowiedzialności [1,0]
    • a
    • Tytuł
    • Gegenstände germanistischer Forschung und Lehre : Find
    • b
    • Ciąg dalszy tytułu (NP)
    • Texte : Materialien der Jahrestagung des Verbandes Polnischer Germanisten, 12.-14. Mai 2006, Toruń / Find
    • c
    • Pozostałe elementy strefy tytułu i oznaczenia odpowiedzialności (NP)
    • hrsg. von Franciszek Grucza unter Mitwirkung von Hans-Jörg Schwenk, Magdalena Olpińska ; Stowarzyszenie Germanistów Polskich.
246 -Wariant tytułu [3, ]
    • a
    • Tytuł (NP)
    • Texte :
    • b
    • Ciąg dalszy tytułu (NP)
    • Gegenstände germanistischer Forschung und Lehre
260 -Strefa adresu wydawniczego [ , ]
    • a
    • Miejsce wydania (P)
    • Warszawa :
    • b
    • Nazwa wydawcy (P)
    • Euro-Edukacja,
    • c
    • Data wydania (P)
    • 2006.
300 -Strefa opisu fizycznego [ , ]
    • a
    • Określenie formy książki i/lub objętość (NP)
    • 414 s. :
    • b
    • Oznaczenie ilustracji (NP)
    • il. ;
    • c
    • Format (NP)
    • 24 cm.
336 -Typ zawartości [ , ]
    • a
    • Termin opisujący typ zawartości
    • Tekst
    • b
    • Kod określający zawartość
    • txt
    • 2
    • Źródło (terminu i kodu)
    • rdacontent
337 -Typ mediów [ , ]
    • a
    • Tryb odtwarzania
    • Bez urządzenia pośredniczącego
    • b
    • Kod typu mediów
    • n
    • 2
    • Źródło (terminu i kodu)
    • rdamedia
338 -Typ/rodzaj nośnika [ , ]
    • a
    • Hasło opisujące typ nośnika
    • Wolumin
    • b
    • Kod typu nośnika
    • nc
    • 2
    • Źródło (terminu i kodu)
    • rdacarrier
490 -Strefa serii i książki wielotomowej - forma nie do wyszukiwania [1, ]
    • a
    • Tytuł (P)
    • Publikacje Stowarzyszenia Germanistów Polskich Find
830 -Hasło dodatkowe serii i opisu książki wielotomowej - tytuł ujednolicony/tytuł [ ,0]
    • a
    • Tytuł ujednolicony/tytuł (NP)
    • Publikacje Stowarzyszenia Germanistów Polskich
    • 9
    • KHW
    • 91873
504 -Uwaga dot. bibliogr. załącznikowej [ , ]
    • a
    • Uwaga dot. bibliografii załącznikowej
    • Bibliogr. przy niektórych rozdz.
650 -Hasło przedmiotowe [ ,7]
    • a
    • Hasło przedmiotowe
    • Filologia germańska
    • x
    • Określnik rzeczowy
    • studia i nauczanie (akademickie)
    • z
    • Określnik geograficzny
    • Polska
    • y
    • Określnik chronologiczny
    • 1990-
    • v
    • Określnik formalny
    • konferencje.
    • 2
    • Źródło terminu
    • kaba
    • 9
    • KHW
    • 499022
700 -Hasło dodatkowe - nazwa osobowa [1, ]
    • a
    • Nazwa osobowa (NP)
    • Grucza, Franciszek Find
    • d
    • Daty biograficzne (NP)
    • (1937- ).
    • e
    • Określenie rodzaju współpracy
    • Red.
    • 9
    • KHW
    • 37899
700 -Hasło dodatkowe - nazwa osobowa [1, ]
    • a
    • Nazwa osobowa (NP)
    • Schwenk, Hans-Jörg. Find
    • e
    • Określenie rodzaju współpracy
    • Red.
    • 9
    • KHW
    • 468613
700 -Hasło dodatkowe - nazwa osobowa [1, ]
    • a
    • Nazwa osobowa (NP)
    • Olpińska-Szkiełko, Magdalena. Find
    • e
    • Określenie rodzaju współpracy
    • Red.
    • 9
    • KHW
    • 18852
710 -Hasło dodatkowe - nazwa ciała zbiorowego [2, ]
    • a
    • Nazwa ciała zbiorowego lub nazwa geograficzna jako pierwszy element (NP)
    • Wydawnictwo Euro-Edukacja.
    • 4
    • Kod relacji
    • pbl
    • 9
    • KHW
    • 443570
920 -ISBN [ , ]
    • a
    • ISBN
    • 83-89347-65-2 Find
920 -ISBN [ , ]
    • a
    • ISBN
    • 978-83-89347-65-7 Find
Sygnatura Status udost. Numer inwentarzowy Lokalizacja Data inwentaryzacji
GERM. Konferencje 081G.20306BM2019-03-20